000 00256nam a2200097Ia 4500
008 230508s2002 xx 000 0 und d
041 _aeng
100 _aSARTAJ SAHNI
245 _aDATA STRUCTURES,ALGORITHMS & APPLI.IN JAVA
260 _bM G H PUBLISHER
_c2002
999 _c716280
_d716280